Statistics for Composers By Movies

Click here to take the quiz!

General Stats

  • This quiz has been taken 63 times
  • The average score is 8 of 15

Answer Stats

MovieMovieMovieComposer% Correct
Star WarsRaiders of the Lost ArkJurassic ParkJohn Williams
98%
InceptionPirates of the CaribbeanThe Dark KnightHans Zimmer
83%
Lord of the RingsThe Silence of the LambsHugoHoward Shore
75%
BatmanThe Nightmare Before ChristmasBeetlejuiceDanny Elfman
69%
TitanicStar Trek II: The Wrath of KhanThe RocketeerJames Horner
63%
The UntouchablesOnce Upon a Time in AmericaThe Hateful EightEnnio Morricone
60%
Forrest GumpBack to the FutureThe AvengersAlan Silvestri
58%
Toy StoryThe Princess and the FrogMonsters, Inc.Randy Newman
54%
American BeautyThe Shawshank RedemptionFinding NemoThomas Newman
52%
PsychoNorth By NorthwestVertigoBernard Herrmann
48%
AlienStar Trek: The Motion PictureChinatownJerry Goldsmith
44%
HalloweenEscape From New YorkChristineJohn Carpenter
42%
The IncredbilesMission Impossible: Ghost ProtocolStar Trek (2009)Michael Giacchino
42%
The King's SpeechHarry Potter and the Deathly Hallows Parts 1 & 2ArgoAlexandre Desplat
40%
Primal FearI Am LegendSignsJames Newton Howard
21%

Score Distribution

Percentile by Number Answered

Percent of People with Each Score

Your Score History

You have not taken this quiz